Loading...
| History - Other | 0 | 8 | 0 | 1 | 80 | 35 | 62.13 | 2 | 5 | 30.47 | 51.52 |
| Fine Arts - Classical Music | 0 | 7 | 1 | 0 | 65 | 42 | 70.43 | 3 | 7 | 25.36 | 54.67 |
| Fine Arts - Painting and Sculpture | 0 | 7 | 2 | 0 | 60 | 25 | 61.57 | 4 | 6 | 30.19 | 53.41 |
| History - American | 0 | 6 | 1 | 1 | 55 | 29 | 55.50 | 2 | 4 | 26.12 | 41.41 |
| Mythology | 0 | 6 | 1 | 1 | 55 | 43 | 60.83 | 2 | 4 | 26.35 | 40.40 |
| History - European | 0 | 5 | 1 | 1 | 45 | 21 | 52.20 | 1 | 4 | 24.21 | 33.33 |
| Philosophy | 0 | 4 | 0 | 0 | 40 | 36 | 68.25 | 0 | 1 | 14.92 | 21.91 |
| Literature - European | 0 | 4 | 0 | 0 | 40 | 46 | 89.75 | 1 | 1 | 8.14 | 19.44 |
| Literature - World | 0 | 4 | 0 | 0 | 40 | 49 | 79.25 | 0 | 3 | 12.98 | 28.79 |
| Literature - British | 0 | 3 | 0 | 0 | 30 | 22 | 69.33 | 1 | 1 | 11.41 | 17.80 |
| Fine Arts - Other | 0 | 4 | 2 | 0 | 30 | 54 | 89.50 | 0 | 2 | 9.94 | 24.49 |
| Science - Physics | 0 | 2 | 0 | 1 | 20 | 28 | 68.00 | 0 | 1 | 6.84 | 10.98 |
| Religion | 0 | 2 | 0 | 1 | 20 | 54 | 86.50 | 0 | 1 | 4.13 | 9.22 |
| Social Science | 0 | 3 | 3 | 0 | 15 | 53 | 55.67 | 0 | 1 | 17.29 | 23.78 |
| Science - Biology | 0 | 2 | 3 | 0 | 5 | 59 | 68.00 | 0 | 0 | 6.22 | 7.58 |
| Popular Culture | 0 | 1 | 1 | 0 | 5 | 56 | 56.00 | 0 | 1 | 9.82 | 15.00 |
| History - World | 0 | 1 | 1 | 0 | 5 | 28 | 28.00 | 0 | 1 | 6.86 | 5.05 |
| Current Events | 0 | 1 | 1 | 0 | 5 | 71 | 71.00 | 0 | 0 | 6.85 | 10.00 |
| Science - Other | 0 | 1 | 1 | 0 | 5 | 82 | 82.00 | 0 | 0 | 3.53 | 4.55 |
| Geography | 0 | 1 | 1 | 0 | 5 | 80 | 80.00 | 0 | 0 | 4.87 | 6.25 |
| Literature - American | 0 | 1 | 3 | 0 | -5 | 86 | 86.00 | 0 | 0 | 2.23 | 3.41 |